Intégration d'approche de recherche-développement dans la recherche agricole nationale : le cas du Bénin (Record no. 31977)

MARC details
000 -LEADER
fixed length control field 00781 a2200301 4500
020 ## - NUMERO INTERNATIONAL NORMALISE DES LIVRES
International Standard Book Number 3-924840-31-8
100 ## - VEDETTE PRINCIPALE - NOM DE PERSONNE
Personal name PREUSS, Hans-Joachim A.
130 ## - VEDETTE PRINCIPALE - TITRE UNIFORME
Language of a work FR
260 ## - PUBLICATION, DISTRIBUTION, ETC. (IMPRINT)
Place of publication, distribution, etc Giessen
260 ## - PUBLICATION, DISTRIBUTION, ETC. (IMPRINT)
Name of publisher, distributor, etc GTZ
245 ## - TITLE STATEMENT
Title Intégration d'approche de recherche-développement dans la recherche agricole nationale : le cas du Bénin
260 ## - PUBLICATION, DISTRIBUTION, ETC. (IMPRINT)
Date of publication, distribution, etc 1994
300 ## - PHYSICAL DESCRIPTION
Extent XXVI-179 p.
300 ## - PHYSICAL DESCRIPTION
Other physical details 21 cm
440 ## - SERIES STATEMENT/ADDED ENTRY--TITLE
Number of part/section of a work 29
440 ## - SERIES STATEMENT/ADDED ENTRY--TITLE
Title Materialien
440 ## - SERIES STATEMENT/ADDED ENTRY--TITLE
International Standard Serial Number 0176-7453
650 ## - SUBJECT ADDED ENTRY--TOPICAL TERM
Topical term or geographic name as entry element RECHERCHE
650 ## - SUBJECT ADDED ENTRY--TOPICAL TERM
Topical term or geographic name as entry element DEVELOPPEMENT
650 ## - SUBJECT ADDED ENTRY--TOPICAL TERM
Topical term or geographic name as entry element INTEGRATION
650 ## - SUBJECT ADDED ENTRY--TOPICAL TERM
Topical term or geographic name as entry element RECHERCHE AGRICOLE
650 ## - SUBJECT ADDED ENTRY--TOPICAL TERM
Topical term or geographic name as entry element AGRICULTURE
651 ## - SUBJECT ADDED ENTRY--GEOGRAPHIC NAME
Geographic name BENIN
690 ## - LOCAL SUBJECT ADDED ENTRY--TOPICAL TERM (OCLC, RLIN)
Topical term or geographic name as entry element SECTEUR AGRICOLE
Holdings
Withdrawn status Lost status Damaged status Not for loan Location (home branch) Sublocation or collection (holding branch) Date acquired Koha issues (times borrowed) Koha full call number Koha date last seen Copy number Price effective from Koha item type Public note
        Bibliothèque-Centre de Documentation de la Faculté des Sciences Agronomiques Bibliothèque-Centre de Documentation de la Faculté des Sciences Agronomiques     PV.1994.062 28/02/2009 1 28/02/2009 Livre A.9403


© 2008, Bibliothèques de l'Université d'Abomey-Calavi

04 BP 789 Cotonou, Tél. : +229 21 36 01 01, Fax : +229 21 35 06 32

Courriel : bu@bu.uac.bj